000 00390nam a22001577a 4500
020 _a9780007340569
082 _a823
_bTIL/S
100 _aTilly Bagshawe
245 _aSidney Sheldon's mistress of the game/
_cby Tilly Bagshawe
260 _aIndia:
_bHarper,
_c2009.
300 _a519p.
650 _aNovel English
650 _aLiterature English
650 _aLiterature
942 _cBK
999 _c54721
_d54721